कम्प्यूटर एक परिचय / (Record no. 13818)

MARC details
000 -LEADER
fixed length control field 00889nam a22002177a 4500
005 - DATE AND TIME OF LATEST TRANSACTION
control field 20080620161058.0
008 - FIXED-LENGTH DATA ELEMENTS--GENERAL INFORMATION
fixed length control field 080620t xxu||||| |||| 00| 0 hin d
010 ## - LCCN (DPL NO)
LC control number HIN-45931
020 ## - INTERNATIONAL STANDARD BOOK NUMBER
Terms of availability 60.00
035 ## - SYSTEM CONTROL NUMBER
System control number HN-27279
037 ## - SOURCE OF ACQUISITION
Source of stock number/acquisition DBAD
040 ## - CATALOGING SOURCE
Original cataloging agency dpl
Language of cataloging HN
082 ## - DEWEY DECIMAL CLASSIFICATION NUMBER
Classification number 005 / चौबेसं
100 ## - MAIN ENTRY--PERSONAL NAME
Personal name चौबे, संतोष
245 ## - TITLE STATEMENT
Title कम्प्यूटर एक परिचय /
Statement of responsibility, etc संतोष चौबे आदि
250 ## - EDITION STATEMENT
Edition statement 9वा संस्क
260 ## - PUBLICATION, DISTRIBUTION, ETC. (IMPRINT)
Place of publication, distribution, etc भोपाल
Name of publisher, distributor, etc मध्यप्रदेश हिन्दी ग्रंथ अकादमी
Date of publication, distribution, etc 1998
300 ## - PHYSICAL DESCRIPTION
Extent 178पृ.
Dimensions 22सेमी
942 ## - ADDED ENTRY ELEMENTS (KOHA)
Item type Hindi Books
Source of classification or shelving scheme Dewey Decimal Classification
Classification part 005
Call number suffix चौबेसं
Holdings
Withdrawn status Lost status Source of classification or shelving scheme Damaged status Not for loan Collection code Home library Current library Date acquired Cost, normal purchase price Total Checkouts Full call number Barcode Date last seen Copy number Cost, replacement price Koha item type
    Dewey Decimal Classification   Not For Loan Non-fiction D.B.Act.Division D.B.Act.Division 20/06/2008 60.00   005 / चौबेसं HN-27279 15/09/2008 1 60.00 Hindi Books

© Delhi Public Library
Hit Counter
free hit counter